| 000 | 01344nam0a22003011 4500 | ||
|---|---|---|---|
| 001 | RU\INFOCOMM_317\NLR\5000030969 | ||
| 005 | 20250614081029.0 | ||
| 035 | _a(NLR Aleph) 010625455 | ||
| 090 |
_a10617414 _c10617414 |
||
| 100 | _a20130328d1992 |||y0rusy50 ca | ||
| 101 | 0 | _aeng | |
| 102 | _aRU | ||
| 105 | _ay z|||| | ||
| 200 | 1 |
_aWhat the experiments say on strength of ΔQ=-ΔS transitions if CPT invariance is assumed to be the approximate symmetry _fE. P. Shabalin |
|
| 210 |
_aМосква _cИн-т теорет. и эксперим. физики _d1992 |
||
| 215 |
_a6 с. _d28 см |
||
| 225 | 1 |
_aInstitute of theoretical and experimental physics _v56-92 |
|
| 300 | _aВ вып. дан.: Что говорят экспериментальные данные о величине ΔQ=-ΔS-переходов, если не предполагать, что CPT инвариантность является строгой симметрией / Е. П. Шабалин | ||
| 320 | _aБиблиогр.: с. 6 | ||
| 606 | 0 |
_aКа-мезоны _xРаспад _2nlr_sh1 |
|
| 686 |
_aВ382.141 _2rubbk |
||
| 700 | 1 |
_9z01790 _aŠabalin _bE. P. _gEvgenij Pavlovič |
|
| 790 | 1 |
_9z01700 _aShabalin _bE. P. _4070 |
|
| 801 | 1 |
_aRU _bInfocomm _c20130328 |
|
| 801 | 0 |
_aRU _bINFOCOMM _gPSBO |
|
| 852 |
_aNLR _jФз01 Д-8/703 |
||
| 942 | _cBOOK | ||
| 980 | _aNB | ||